000 01012cam a22002891a 4500
001 agr39000322
003 DLC
005 20260227110957.0
008 850626s1939 dcua f000 0 eng c
010 _aagr39000322
035 _a(OCoLC)12203946
040 _aU.S. Dept. of agr. Library
_cDSI
_dDNAL
_dDLC
050 0 0 _aSB608.G4
_bS8
070 0 _a1
_bAg84C no.516
072 0 _aF821
100 1 _aSmith, Floyd F.
_q(Floyd Franklin),
_d1900-
245 1 0 _aControl of cyclamen and broad mites on Gerbera /
_cby Floyd F. Smith.
260 _aWashington, D.C. :
_bU.S. Dept. of Agriculture,
_c1939.
300 _a15 p. :
_bill. ;
_c24 cm.
490 1 _aCircular / United States Department of Agriculture ;
_vno. 516
500 _aCover title.
500 _aContribution from Bureau of Entomology and Plant Quarantine.
650 0 _aMites
_xControl.
650 0 _aCyclamen mite
_xControl.
650 0 _aGerbera
_xDiseases and pests.
830 0 _aCircular (United States. Department of Agriculture) ;
_vno. 516.
999 _c9945
_d9945